000 01408nam a2200241Ia 4500
003 Ost
005 20260507075113.0
008 260507s9999||||xx |||||||||||||| ||und||
020 _a99574021237
040 _cfsecg
041 _aara
082 _a600
100 _aالشرمان، زياد محمد
_eمؤلف
245 0 _aمبادئ في العلاقات العامة /
_c زياد محمد الشرمان
260 _aبيروت:
_bدار صفاء للنشر,
_c2001
300 _a199 صفحة؛
_c24 سم
504 _aببليوغرافيا:ص.191
520 _aمبادئ في العلاقات العامة،تنظيم إدارة العلاقات العامة،الوصف التوظيفي للعاملين في العلاقات العامة،الاتصالات الادارية،وسائل الاتصال،العلاقات العامة والجمهور الداخلي في المنظمة،العلاقات العامة والجمهور الخارجي للمنظمة،نشاطات العلاقات العامة،تصميم برنامج العلاقات العامة وتقييمه،الرأي العام،العلاقات العامة في القطاعين العام والخاص
653 _aالاتصال الجماهيري
653 _aالعلاقات العامة
700 _aعبد السلام، عبد الغفور عبد الله
_eمؤلف ثانوي
942 _cكتاب
999 _c42946
_d42946